Statistics for Country Comparison-US Vs China

Click here to take the quiz!

General Stats

  • This quiz has been taken 15 times
  • The average score is 58 of 61

Answer Stats

HintAnswer% Correct
GovernmentPresident XI JinpingChina
100%
DemographicsHigher Maternal Mortality RateChina
100%
GeographyLonger Land BorderChina
100%
GeographyMore Land Engaged In Agriculture According To Percent Of Total LandChina
100%
EconomyHigher GDP (Purchasing Power Parity)China
100%
GeographyMore Irrigated LandChina
100%
EconomyLargest Export Partner Is USChina
100%
DemographicsMore PopulatedChina
100%
EconomyMore Revenue By ExportationChina
100%
GovernmentCommunist Party-Led State-Government TypeChina
100%
DemographicsHigher Hospital Bed Per 1000 PopulationChina
100%
EconomyLargest Import Partner Is South KoreaChina
100%
DemographicsHigher Infant Mortality RateChina
100%
EconomyHigher GDP - Composition By IndustriesChina
100%
EconomyHigher GDP - Composition By AgricultureChina
100%
EconomyHigher GDP - Real Growth RateChina(6.8%-China)
100%
GeographyLarger OneUS
100%
EconomyHigher GDP - Composition By ServicesUS
100%
GovernmentCitizenship By BirthUS
100%
EconomyHigher Inflation rate (consumer prices)US
100%
EconomyHigher External DebtUS
100%
EconomyLargest Export Partner Is CanadaUS
100%
GeographyLonger CoastlineUS
100%
DemographicsMore Physicians Per Thousand PopulationUS
100%
GovernmentPresident Donald J. TrumpUS
100%
GovernmentConstitutional Federal Republic-Government TypeUS
100%
DemographicsHigher Health Expenditures(According to Percent Of GDP)US
100%
DemographicsMore Urban Population Among Total PopulationUS
100%
DemographicsHigher School Life ExpectancyUS
100%
DemographicsHigher Total Fertility RateUS
100%
DemographicsHigher Death RateUS
100%
DemographicsHigher Birth RateUS
100%
DemographicsHigher Median AgeUS
100%
MilitaryMilitary expenditures - percent of GDPUS
100%
GeographyMore Land Under Forest Cover According To Percent Of Total LandUS
100%
EconomyLargest Import Partner Is ChinaUS
100%
DemographicsHigher Population Growth RateUS(0.81%)
100%
EconomyMore Population Below Poverty Line According To Percent Of Total PopulationUS(15.1%-US)
100%
EnergyElectricity - from hydroelectric plants(According To percent Of Total Production)China
93%
EnergyHigher Electricity - consumptionChina
93%
EnergyHigher Electricity - exportsChina
93%
EnergyHigher Electricity - productionChina
93%
EnergyCarbon dioxide emissions from consumption of energyChina
93%
TelecomsMore subscriptions per 100 inhabitants(Telephones - Mobile Cellular)US
93%
EnergyHigher Electricity - importsUS
93%
EnergyHigher Oil - productionUS
93%
EnergyHigher Oil - exportsUS
93%
EnergyMore Oil - proved reservesUS
93%
EnergyMore Natural gas - proved reservesUS
93%
EnergyHigher Natural gas - productionUS
93%
EnergyElectricity - from fossil fuels(According To percent Of Total Production)US
93%
EnergyElectricity - from nuclear fuels (According To percent Of Total Production)US
93%
EconomyHigher Unemployment RateUS(4.4%-US)
93%
TelecomsMore subscriptions per 100 inhabitants(Telephones - main lines in use)US(38 subs)
87%
TelecomsLonger Waterway NetworkChina
80%
TelecomsMore Internet users(According To percent Of Total Population)US
80%
TelecomsLonger Railway NetworkUS
80%
TelecomsLonger Roadway NetworkUS
80%
TelecomsMore AirportsUS
80%
TelecomsInternet country code Of US.us
73%
TelecomsInternet country code Of China.cn
60%

Score Distribution

Percentile by Number Answered

Percent of People with Each Score

Your Score History

You have not taken this quiz